|
|
|
|
| LEADER |
01340nam a2200253 a 4500 |
| 001 |
GR-MES8780 |
| 008 |
970725s1996 gr u000 0 gre d |
| 020 |
|
|
|a 9600211582
|
| 040 |
|
|
|a GrPaTEI
|b gre
|c GR-PaULI
|
| 040 |
|
|
|a GrPaTEI
|b gre
|c GR-PaULI
|
| 082 |
|
0 |
|a 352.1409495
|2 21
|
| 100 |
1 |
|
|a Κωστόπουλος, Τρύφωνας
|
| 245 |
1 |
0 |
|a Ευρωπαϊκή 'Ενωση και τοπική αυτοδιοίκηση /
|c Τρύφωνας Ι. Κωστόπουλος.
|
| 260 |
|
|
|a Αθήνα :
|b Παπαζήσης,
|c 1996
|
| 300 |
|
|
|a τ. :
|b πίν. ;
|c 21 εκ.
|
| 504 |
|
|
|a Βιβλιογραφία: σ. [285]-298
|
| 505 |
1 |
|
|a τόμ. 1. Ο θεσμός της αυτοδιοίκησης στην Ελλάδα
|
| 610 |
0 |
4 |
|a Ευρωπαϊκή Ένωση
|y Ελλάς
|
| 650 |
|
4 |
|a Τοπική αυτοδιοίκηση
|z Ελλάς
|
| 942 |
|
|
|2 ddc
|
| 952 |
|
|
|0 0
|1 0
|2 ddc
|4 0
|6 352_140949500000000_ΚΩΣ
|7 0
|9 279134
|a MSLG
|b MSLG
|c BSC
|d 2021-01-17
|e 24
|f 0
|g 0.00
|l 0
|o 352.1409495 ΚΩΣ
|p 2420000017077
|r 2021-01-17 00:00:00
|t 1
|w 2021-01-17
|y BK15
|x 20030724 0 1
|x GrPaTEI
|
| 952 |
|
|
|0 0
|1 0
|2 ddc
|4 0
|6 352_140949500000000_ΚΩΣ
|7 0
|9 279135
|a MSLG
|b MSLG
|c BSC
|d 2021-01-17
|e 24
|f 0
|g 0.00
|l 0
|o 352.1409495 ΚΩΣ
|p 2420000017078
|r 2021-01-17 00:00:00
|t 1
|w 2021-01-17
|y BK15
|x 20030723 0 1
|x GrPaTEI
|
| 971 |
|
|
|a .b25872515
|b 08-10-20
|c 14-09-16
|
| 999 |
|
|
|c 162595
|d 162595
|